Yet another fine mess (Record no. 81560)

MARC details
000 -LEADER
fixed length control field 01303cab a22002175a 4500
001 - CONTROL NUMBER
control field a147525
008 - FIXED-LENGTH DATA ELEMENTS--GENERAL INFORMATION
fixed length control field 090519e2009 xxk f 000 0 eng d
035 ## - SYSTEM CONTROL NUMBER
System control number (Sirsi) u147525
041 0# - LANGUAGE CODE
Language code of text/sound track or separate title eng
245 00 - TITLE STATEMENT
Title Yet another fine mess
260 ## - PUBLICATION, DISTRIBUTION, ETC.
Date of publication, distribution, etc. 2009
490 ## - SERIES STATEMENT
Series statement Estates Gazette
Volume/sequential designation (0918) 9 May 2009, 76-78(3)
520 ## - SUMMARY, ETC.
Summary, etc. Discusses how local planning authorities (LPA)s should deal with potential for pollution when considering development proposals in circumstances where a pollution control permit will be required. Uses a hypothetical situation where a developer has applied to a LPA for planning permission to construct a new factory to view the guidance available contained in ?Planning Policy Statement 23 Planning and Pollution Control 23? (PPS23), ?Planning Policy Statement 10 Planning for Sustainable Waste? (PPS10) (L134011) and ?Planning Policy Guidance 24 Planning and Noise?(PPG24). Also refers to relevant case law. Concludes with a discussion on the pros and cons of the use of PPS 23.
590 ## - LOCAL NOTE (RLIN)
Local note KA
650 24 - SUBJECT ADDED ENTRY--TOPICAL TERM
Topical term or geographic name entry element PLANNING POLICY STATEMENT 10
650 24 - SUBJECT ADDED ENTRY--TOPICAL TERM
Topical term or geographic name entry element PLANNING POLICY STATEMENT 23
650 24 - SUBJECT ADDED ENTRY--TOPICAL TERM
Topical term or geographic name entry element PLANNING POLICY GUIDANCE NOTE 24
651 #4 - SUBJECT ADDED ENTRY--GEOGRAPHIC NAME
Geographic name England and Wales
690 ## - LOCAL SUBJECT ADDED ENTRY--TOPICAL TERM (OCLC, RLIN)
Topical term or geographic name as entry element ENVIRONMENTAL AND LAND CONSULTANCY-PLANNING AND DEVELOPMENT-DEVELOPMENT CONTROL
942 ## - ADDED ENTRY ELEMENTS (KOHA)
Suppress in OPAC 0
Holdings
Withdrawn status Lost status Source of classification or shelving scheme Damaged status Not for loan Home library Current library Shelving location Date acquired Total Checkouts Full call number Barcode Date last seen Copy number Price effective from Koha item type
    Dewey Decimal Classification     London London Journal article 19/05/2009   L147525 147525-1001 06/08/2019 1 06/08/2019 Journal article